A Short Historical Outline of the Ukrainian Orthodox Church of Canada (UOCC) (Запис № 423814)

МАРК-запис
000 -Лідер
fixed length control field 00969nam a22002537a 4500
001 - Контрольний номер
control field 43967
003 - Ідентифікатор контрольного номера
control field UA-OsUOA
005 - Дата та час останнього входження (трансакції)
control field 20260326111414.0
008 - Елементи даних фіксованої довжини – загальна інформація
fixed length control field 20091202b un ||||| |||| 00| 0 ukr d
020 ## - Міжнародний стандартний книжковий номер (ISBN)
Міжнародний стандартний книжковий номер (ISBN) (НП) 092151753X
040 ## - Джерело каталогізації
Агенція оригінальної каталогізації UA-OsUOA
Мова каталогізації eng
Агенція, яка здійснювала перезапис UA-OsUOA
Агенція, яка здійснювала модифікацію UA-OsUOA
041 ## - Код мови
Код мови тексту/ звукової доріжки чи окремого заголовка (П) eng
080 ## - Індекс Універсальної десяткової класифікації
Індекс Універсальної десяткової класифікації (УДК) (НП) 27
090 ## - Локальний шифр розміщення
Класифікаційний індекс УДК 27
Авторський знак (НП) S55
100 ## - Основне введення – ім’я особи
Ім’я особи (НП) Yereniuk R.
9 (RLIN) 24683
245 ## - Відомості про назву
Назва (НП) A Short Historical Outline of the Ukrainian Orthodox Church of Canada (UOCC)
Решта назви (НП) On the Occasion of the 90th Anniversary of the Church (1918-2008)
Дані про відповідальність (НП) Prof. Roman Yereniuk
260 ## - Публікація, розповсюдження і т.п. (Вихідні дані)
Місце публікації, розповсюдження і т.п. (П) Winnipeg
Ім’я/ наймення видавництва, розповсюджувача і т.п. (П) Ecclesia Publishing Corporation
Дата публікації, розповсюдження і т.п. (П) 2008
300 ## - Фізичний опис
Обсяг 37 p.
650 #7 - Додаткове предметне введення – тематичний термін
Джерело заголовка чи терміна UDC
Тематичний термін чи географічна назва, як елемент введення (НП) 27 Християнство. Християнське віросповідання. Християнські церкви і деномінації
9 (RLIN) 24684
942 ## - Додаткові елементи входу (Коха)
Тип елемента Koha Брошура
Source of classification or shelving scheme Universal Decimal Classification
955 ## - Код типу видання за змістом
Код типу видання за змістом (НП) інше
Фонди
Стан вилучень Стан втрат Джерело класифікації або схеми стелажів Стан уражень Не для кредиту Постійне місце розташування Поточне розміщення Дата придбання Джерело придбання Вартість, звичайна ціна покупки Інвентарний номер Усього замовленно Повний номер виклику Штрих-код Дата останнього перегляду Вартість, ціна заміни Ціна ефективна від Тип елемента Koha Примітка, призначена для загального доступу
    Universal Decimal Classification     Наукова бібліотека ІДУД Наукова бібліотека ІДУД 26/03/2026 №1/11.03.2026 (ІДУД) 1.00 300439   27 S55 300439 26/03/2026 1.00 26/03/2026 Брошура Книгу отримано в дар від Романа Єринюка